000 00742nam a2200265Ia 4500
003 OSt
005 20220912150844.0
006 a|||||r|||| 00| 0
007 ta
008 220909b |||||||| |||| 00| 0 eng d
024 _a22952
037 _cTextual
040 _aCSL
_beng
_cCSL
041 _aeng
082 _aB334:1, L9
100 _aGladwell I Ed.
245 0 _aSurvey of numerical methods for partial differential equations
260 _aOxford
_bClarendon press
_c1979
300 _axi,393p.
_ccm. ill
500 _aBibliography p.
_ccm.394-424.
650 _aDifferential equations
700 _a Wait R Ed.
942 _hB334:1, L9
_cTEXL
_2CC
999 _c56354
_d56354